Prénoms garçons 2016 - Statistiques

Statistiques générales
  • Ce quiz a été pris 428 fois
    251 depuis la dernière actualisation
  • Le résultat moyen est 38 sur 100
Statistiques - réponses
Hint Lettre Prénoms % Correct
11 L Léo
86%
1 G Gabriel
77%
69 L Luca
76%
3 L Louis
75%
8 T Théo
73%
10 J Jules
72%
21 N Nathan
69%
4 L Lucas
68%
55 A Antoine
67%
18 P Paul
66%
15 H Hugo
65%
72 N Noa
64%
47 A Alexandre
63%
2 R Raphaël
62%
52 T Thomas
61%
12 M Mathis
58%
17 E Enzo
57%
57 M Maxime
56%
20 A Arthur
55%
46 B Baptiste
54%
44 L Léon
54%
29 N Noah
54%
19 T Tom
54%
25 V Valentin
53%
28 V Victor
53%
50 A Alexis
52%
23 M Mathéo
52%
35 N Noé
51%
97 W William
49%
61 K Kylian
48%
7 E Ethan
47%
34 G Gabin
47%
33 M Martin
47%
38 A Axel
46%
16 T Timéo
46%
14 C Clément
45%
77 E Elio
45%
13 M Maël
44%
82 M Mohamed
44%
36 S Simon
44%
60 C Charles
43%
45 M Mattéo
42%
73 Y Yanis
42%
6 L Liam
41%
26 S Samuel
41%
5 A Adam
40%
9 N Nolan
40%
64 M Maxence
38%
87 A Adrien
37%
58 B Benjamin
37%
41 R Robin
37%
22 S Sacha
36%
24 E Eliott
35%
31 E Evan
35%
80 D David
34%
49 G Gaspard
34%
51 M Malo
34%
90 T Timothée
33%
83 O Oscar
32%
86 R Rayan
31%
81 M Matéo
30%
78 M Milo
29%
59 E Esteban
28%
27 E Eden
27%
42 M Mathys
27%
43 N Nino
26%
39 N Noam
26%
32 A Aaron
24%
63 L Léandre
24%
48 M Marius
24%
93 R Roméo
24%
68 N Naël
23%
54 I Isaac
22%
40 M Milan
22%
96 K Kenzo
21%
30 L Lenny
21%
89 C Camille
19%
37 T Tiago
19%
85 L Lorenzo
18%
84 A Augustin
17%
66 M Marceau
17%
56 S Soan
17%
74 J Joseph
16%
94 J Julian
16%
79 R Ruben
16%
65 R Rafaël
15%
70 D Diego
14%
99 I Ismaël
14%
67 L Lyam
14%
98 L Léandro
13%
88 E Ewen
12%
53 C Côme
11%
95 A Alessio
10%
62 A Amir
10%
100 M Mehdi
10%
76 K Kaïs
9%
91 M Mahé
9%
71 M Malone
8%
75 E Elias
7%
92 I Ibrahim
7%
Aucun quiz correspondant
Distribution des résultats
% des personnes avec chaque résultat
Percentile par nombre de réponses
Votre historique - résultats
Vous n’avez pas pris ce quiz depuis la dernière actualisation